000 00646nam a2200229Ia 4500
003 OSt
005 20230426143154.0
008 210423s2018 xx 000 0 und d
020 _a978-0-7020-7277-2
040 _cAL
041 _aeng
082 _a611
_223
_bANNR
100 _aWAUGH (Anne);GRANT (Allison)
_993474
245 _aRoss and Wilson anatomy and physiology: in health and illness Ed 13
250 _a13
260 _aEdinburgh
_bElsevier
_c2018
300 _axix,560
_bPB
365 _b1195
_cINR
650 _aMedical Sciences
_993475
906 _aanatomy ; health ; illness ; physiology ; Ross ; Wilson
942 _2ddc
_cBK
999 _c170349
_d170349